| 000 | 01128cab a2200313 4500 | ||
|---|---|---|---|
| 001 | ABS57556 | ||
| 008 | 090401t1997 xxu||||| |||| 00| 0 eng d | ||
| 035 | _a(Sirsi) u81122 | ||
| 041 | _aeng | ||
| 100 | _aFisher, A. | ||
| 245 | 2 | _aA barrister`s cautionary tale | |
| 260 | _c1997 | ||
| 350 | _a0 | ||
| 490 |
_aValuer (ISVA) _v66(5) September/October 1997, 14-15(2) |
||
| 520 | _aDiscusses a case in which a County Trading Standards Department prosecuted a provincial auction house for unknowingly offering fake musical instruments for sale. Outlines the potential danger areas for auctioneers and advises on how they can protect themselves from prosecution. | ||
| 650 | _aAUCTION HOUSES | ||
| 650 | _aAUCTIONEERS | ||
| 650 | _aBIDDING ON BEHALF OF VENDOR | ||
| 650 | _aCONSUMER PROTECTION ACT 1987 S20(1) | ||
| 650 | _aCONSUMER PROTECTION ACT 1987 | ||
| 650 | _aESTIMATED PRICES | ||
| 650 | _aFALSE DESCRIPTIONS | ||
| 650 | _aTRADE DESCRIPTIONS ACT 1968 S1(1)(B) | ||
| 650 | _aTRADE DESCRIPTIONS | ||
| 650 | _aTRADING STANDARDS | ||
| 690 |
_aAuctioneering _96218 |
||
| 942 | _n0 | ||
| 948 | _c29/09/1997 | ||
| 999 |
_c51116 _d51116 |
||